| 000 | 01183nam a22002657a 4500 | ||
|---|---|---|---|
| 001 | 76288 | ||
| 003 | BD-RjUL | ||
| 005 | 20211209082824.0 | ||
| 008 | 191119r20192018bg ||||| |||| 00| 0 eng d | ||
| 020 | _a9847012008072 | ||
| 035 | _a(BD-RjUL)76509 | ||
| 040 |
_aBD-RjUL _beng _cBD-RjUL |
||
| 041 | _aeng | ||
| 082 |
_223 _a954.9205 _bKHB 2019 |
||
| 100 |
_aখান, শামসুজ্জামান _9235182 |
||
| 245 | 1 | 0 |
_aবঙ্গবন্ধুর রাষ্ট্রচিন্তা ও বর্তমান বাংলাদেশ / _cশামসুজ্জামান খান |
| 250 | _aকথাপ্রকাশ সং. | ||
| 260 |
_aঢাকা : _bকথাপ্রকাশ, _c২০১৮ [মুদ্রণ ২০১৯] |
||
| 300 |
_a৯৫ পৃ. ; _c২১ সেমি |
||
| 600 |
_aমুজিবুর রহমান, শেখ, _d১৯২০-১৯৭৫ _9235193 |
||
| 600 |
_aMujibur Rahman, Sheikh, _d1920-1975 _9235194 |
||
| 651 |
_aবাংলাদেশ _xইতিহাস _yমুক্তিযুদ্ধ, ১৯৭১ _9235185 |
||
| 651 |
_aBangladesh _xHistory _yRevolution, 1971 _9235186 |
||
| 942 |
_2ddc _cBK |
||
| 999 |
_c76288 _d76288 |
||